Návrh opatrení na zlepšenie vzdelávania zamestnancov podniku Winfa s.r.o.

Enregistré dans:
Détails bibliographiques
Auteur principal: Vida, Matej (Auteur)
Autres auteurs: Púčiková, Lenka (Directeur de thèse)
Format: Manuscrit Livre
Langue:slovaque
Publié: 2015
Sujets:
Accès en ligne:http://is.stuba.sk/zp/portal_zp.pl?podrobnosti=112210
Tags: Ajouter un tag
Pas de tags, Soyez le premier à ajouter un tag!

MARC

LEADER 00000ntm a22000003a 4500
001 stuzp44240
003 SK-STU
005 20160719153046.3
007 ta
008 150427s2015----xo-----f-mn---000-0-slo-d
040 |a STU  |b slo 
041 0 |a slo 
100 1 |a Vida, Matej  |u 064000  |4 aut  |U MTF Materiálovotechnologická fakulta  |T MTF Ústav priemyselného inžinierstva a manažmentu  |X 45715  |U M4000  |Y 84  |7 45715 
242 0 1 |a Improment proposals of managers educational process at company Winfa s.r.o.  |y eng 
245 1 0 |a Návrh opatrení na zlepšenie vzdelávania zamestnancov podniku Winfa s.r.o. 
260 |c 2015 
650 4 |a manažér  |2 slo 
650 4 |a vzdelávanie  |2 slo 
650 4 |a rozvoj  |2 slo 
650 4 |a manager  |2 eng 
650 4 |a training  |2 eng 
650 4 |a development  |2 eng 
700 1 |a Púčiková, Lenka  |4 ths  |X 48256  |7 A000048256 
856 4 |u http://is.stuba.sk/zp/portal_zp.pl?podrobnosti=112210 
996 |c M* BP-7386  |l MMSKP  |s P  |a 0  |w stuzp44240_0001 
SQL |a stuzp44240  |b DBP  |c SLO  |d Návrh opatrení na zlepšenie vzdelávania zamestnancov podniku Winfa s.r.o.  |e 45715  |f Vida, Matej  |g 064000  |h 48256  |i Púčiková, Lenka  |j 20150909  |k 173  |l 06  |m http://is.stuba.sk/zp/portal_zp.pl?podrobnosti=112210  |n B-PPP  |o 5.2.52. priemyselné inžinierstvo